书目信息 |
| 题名: |
十九路军一·二八淞沪抗日七十周年纪念册
|
|
| 作者: | 十九路军淞沪抗日将属广州联谊会 | |
| 分册: | ||
| 出版信息: | 不详 不详 不详 |
|
| 页数: | 94页 | |
| 开本: | 26cm | |
| 丛书名: | ||
| 单 册: | ||
| 中图分类: | K264.31 | |
| 科图分类: | ||
| 主题词: | 一·二八事变(1932)--史料 | |
| 电子资源: | ||
| ISBN: | ||
| 000 | 00704nam0 2200181 450 | |
| 001 | 0750718688 | |
| 005 | 20070806144040.20 | |
| 010 | @d不详 | |
| 100 | @a20070806d km y0chiy0120 ea | |
| 101 | 0 | @achi |
| 200 | 1 | @a十九路军一·二八淞沪抗日七十周年纪念册@Ashi jiu lu jun yi·er ba song hu kang ri qi shi zhou nian ji nian ce@f十九路军淞沪抗日将属广州联谊会@Fshi jiu lu jun song hu kang ri jiang shu guang zhou lian yi hui |
| 210 | @a不详@c不详@d不详 | |
| 215 | @a94页@d26cm | |
| 606 | 0 | @a一·二八事变(1932)@x史料 |
| 690 | @aK264.31@v3 | |
| 701 | 0 | @a十九路军淞沪抗日将属广州联谊会@Ashi jiu lu jun song hu kang ri jiang shu guang zhou lian yi hui |
| 801 | 0 | @aCN@bPFT@c20070806 |
| 905 | @a10447@dK264.31@e54 | |
| 十九路军一·二八淞沪抗日七十周年纪念册/十九路军淞沪抗日将属广州联谊会.-不详:不详,不详 |
| 94页;26cm |
| ISBN :不详 |
| ● |
| 相关链接 |
|
|
|
|
正题名:十九路军一·二八淞沪抗日七十周年纪念册
索取号:K264.31/54
 
预约/预借
| 序号 | 登录号 | 条形码 | 馆藏地/架位号 | 状态 | 备注 |
| 1 | 0784375 | 207843752 | 第二样本阅览室/ [索取号:K264.31/54] | 在馆 |